| 000 | 00620nam a2200205Ia 4500 | ||
|---|---|---|---|
| 001 | 14882 | ||
| 003 | GE_BSU | ||
| 008 | 181216s||||||||xx |||||||||||||| ||und|| | ||
| 040 | _cGE_BSU | ||
| 080 | _a51(072) | ||
| 100 | _aБасова, Л.А., Шубин, М. А., Элштейн, Л. А. | ||
| 245 | _aЛекции и задачи по математике. | ||
| 245 | _bПособие для учителей . | ||
| 260 | _aМосква | ||
| 260 | _bПросвеЩение. | ||
| 260 | _c1981 | ||
| 300 | _a95 стр. 21см. | ||
| 653 | _aЛекции и задачи по математике. | ||
| 942 | _cBK | ||
| 999 |
_c48002 _d48002 |
||